| 000 | 00730nam a2200205 i 4500 | ||
|---|---|---|---|
| 001 | 182603 | ||
| 003 | ES-MaACL | ||
| 005 | 20240527195813.0 | ||
| 008 | 131002s2012 sp a | |||||||| | spa d | ||
| 100 | 1 |
_aCrespo, Lucía. _9153517 |
|
| 245 | 1 | 3 |
_aEl espíritu del regeneracionismo / _cLucía Crespo, con la colaboración de Enrique Ramírez. |
| 260 |
_a[Madrid] : _bAccenture, _cD.L. 2012. |
||
| 300 |
_a182 p. : _bil. col. y n. ; _c31 cm. |
||
| 650 | 0 | 4 |
_aRegeneracionismo _916742 |
| 700 | 1 |
_aRamírez, Enrique. _9153518 |
|
| 852 |
_aES-MaACL _jA-12847 _9189519 _bR.149080 _cDEPO1 _dOlim: N-5847 |
||
| 852 |
_aES-MaACL _jA-12848/Ej.1 _9189518 _bR.149080 _cDEPO1 _dOlim: N-5848 |
||
| 942 |
_2udc _cMONOGRAFIA |
||
| 999 |
_c182603 _d182603 |
||